[Event "18 Open international de La Reunion"]
[Site "Salle des fêtes de Bellepierre"]
[Date "2016.10.13"]
[Round "6.14"]
[White "Frelicot, Eric"]
[Black "Eric Andriana, Fitia"]
[Result "1-0"]
[WhiteElo "1749"]
[BlackElo "1156"]
[PlyCount "69"]
[EventDate "2016.??.??"]

1. c4 b6 2. Nc3 Bb7 3. e4 d6 4. d4 g6 5. Nf3 Bg7 6. Be2 Nd7 7. O-O e6 8. Bg5
Ngf6 9. e5 dxe5 10. dxe5 O-O 11. exf6 Nxf6 12. Qxd8 Raxd8 13. Rad1 Rde8 14. Bf4
c5 15. Bd6 Rd8 16. Bxf8 Rxf8 17. Rd3 Re8 18. Rfd1 Bf8 19. Rd8 Re7 20. Ne5 Kg7
21. Bf3 a6 22. Bxb7 Rxb7 23. f3 Be7 24. Ra8 a5 25. Nc6 Rc7 26. Nxe7 Rxe7 27. g4
h6 28. h4 h5 29. g5 Nh7 30. Rdd8 f6 31. Rg8+ Kf7 32. Rh8 Nxg5 33. hxg5 fxg5 34.
Ne4 g4 35. Rh7# 1-0

[Event "18 Open international de La Reunion"]
[Site "Salle des fêtes de Bellepierre"]
[Date "2016.10.13"]
[Round "6.15"]
[White "Cochard, Franck-Olivier"]
[Black "Dazin, Nathan"]
[Result "1-0"]
[WhiteElo "1588"]
[BlackElo "1229"]
[PlyCount "99"]
[EventDate "2016.??.??"]

1. d4 d5 2. Bg5 Nc6 3. Nf3 Nf6 4. e3 e6 5. c4 dxc4 6. Bxc4 Be7 7. Nc3 Nd5 8.
Bxe7 Ncxe7 9. O-O O-O 10. Qb3 h6 11. Nxd5 Nxd5 12. Ne5 Nf6 13. Rfd1 c6 14. Rf1
Ne4 15. Qd3 Nf6 16. Bb3 Qd6 17. Bc2 b6 18. Ng4 Rd8 19. Nxf6+ gxf6 20. Qh7+ Kf8
21. Qxh6+ Ke7 22. Be4 Ba6 23. Rac1 Rh8 24. Qf4 Qxf4 25. exf4 Bb7 26. Bxc6 Bxc6
27. Rxc6 Kd7 28. Rfc1 e5 29. dxe5 fxe5 30. fxe5 Rh5 31. f4 Ke7 32. Rd6 Rf5 33.
g3 Kf8 34. Kf2 Kg7 35. Kf3 Rh5 36. h4 Rhh8 37. Rc7 Rhc8 38. Rdd7 a5 39. Rxf7+
Kg8 40. Rfd7 Re8 41. Ke4 a4 42. f5 b5 43. f6 Re6 44. Rd6 Rxd6 45. exd6 Rd8 46.
d7 Kf7 47. Ke5 b4 48. g4 a3 49. bxa3 b3 50. axb3 1-0

[Event "18 Open international de La Reunion"]
[Site "Salle des fêtes de Bellepierre"]
[Date "2016.10.13"]
[Round "6.16"]
[White "Mablouke, Ulrich"]
[Black "Carballar, Eric"]
[Result "1-0"]
[WhiteElo "1565"]
[BlackElo "1300"]
[PlyCount "31"]
[EventDate "2016.??.??"]

1. e4 e5 2. Nf3 Nc6 3. Bc4 Qf6 4. Nc3 Bd6 5. Nd5 Qg6 6. O-O Qxe4 7. d3 Qf5 8.
Nxc7+ Bxc7 9. d4 d6 10. c3 Nge7 11. Ng5 O-O 12. Bd3 Qf6 13. Bxh7+ Kh8 14. Qh5
g6 15. Bxg6+ Kg8 16. Qh7# 1-0

[Event "18 Open international de La Reunion"]
[Site "Salle des fêtes de Bellepierre"]
[Date "2016.10.13"]
[Round "6.17"]
[White "Laoussing, Mathis"]
[Black "Muller, Sebastien"]
[Result "1-0"]
[WhiteElo "1145"]
[BlackElo "1519"]
[PlyCount "91"]
[EventDate "2016.??.??"]

1. e4 c5 2. c3 d6 3. d4 Nf6 4. Bd3 a6 5. Nf3 Bg4 6. Be3 cxd4 7. cxd4 e5 8. d5
Be7 9. Nbd2 h6 10. O-O Qd7 11. Rc1 b5 12. Qb3 Bxf3 13. Nxf3 Qg4 14. h3 Qh5 15.
Rc8+ Bd8 16. Bb6 Ke7 17. Bxd8+ Rxd8 18. Rxd8 Kxd8 19. Rc1 Nbd7 20. Qb4 Ke7 21.
Rc7 Ne8 22. Rb7 Rc8 23. Qd2 Nc7 24. Qa5 Ne8 25. Qxa6 Nc7 26. Qa5 Ne8 27. Bxb5
Nef6 28. Bxd7 Nxd7 29. Kh2 g5 30. Qb5 Rd8 31. Nd2 g4 32. Nc4 gxh3 33. g3 f5 34.
Nb6 Qf3 35. Rxd7+ Kf6 36. Qf1 Rg8 37. Rxd6+ Ke7 38. Qg1 Kxd6 39. Kxh3 Qg4+ 40.
Kh2 Qxe4 41. Qc1 Ke7 42. Qc7+ Kf6 43. Nd7+ Kg5 44. Nxe5 Qxd5 45. Qe7+ Kh5 46.
Qh4# 1-0

[Event "18 Open international de La Reunion"]
[Site "Salle des fêtes de Bellepierre"]
[Date "2016.10.13"]
[Round "6.18"]
[White "Assie, Joel"]
[Black "Siffert, Arman"]
[Result "1-0"]
[WhiteElo "1449"]
[BlackElo "1270"]
[PlyCount "112"]
[EventDate "2016.??.??"]

1. d4 d5 2. Nf3 Nc6 3. Bf4 Nf6 4. Nbd2 Bg4 5. h3 Bh5 6. e3 e6 7. c3 Ne7 8. Qb3
Rb8 9. Qa4+ Nc6 10. Ne5 Bd6 11. Bb5 Bxe5 12. Bxc6+ bxc6 13. Qxc6+ Nd7 14. Bxe5
Rc8 15. O-O O-O 16. Bg3 Bg6 17. Rfe1 Re8 18. Rac1 e5 19. a3 exd4 20. cxd4 Nf8
21. Qa6 Ra8 22. Rxc7 Ne6 23. Rc3 Ng5 24. Rec1 Ne4 25. Nxe4 Bxe4 26. Rb3 Bg6 27.
Rc7 Qg5 28. Rbb7 Rac8 29. Qd6 Rcd8 30. Qf4 Qh5 31. Bh4 Ra8 32. Qg4 Qxg4 33.
hxg4 h5 34. g5 Re4 35. Bg3 Rg4 36. Rd7 a6 37. Ra7 Rb8 38. b4 h4 39. Be5 Rf8 40.
Rxa6 Be4 41. g3 h3 42. Kh2 Bg2 43. Raa7 Rxg5 44. Rdb7 Rc8 45. Rb8 Rxb8 46. Bxb8
Rg6 47. b5 Rb6 48. Ra8 Rxb5 49. Bd6+ Kh7 50. Rb8 Ra5 51. Bb4 Ra6 52. Rb7 Rc6
53. Bc5 Rf6 54. f4 Kg6 55. Rb6 Rxb6 56. Bxb6 Kf6 1-0

[Event "18 Open international de La Reunion"]
[Site "Salle des fêtes de Bellepierre"]
[Date "2016.10.13"]
[Round "6.19"]
[White "Carballar, Alexandre"]
[Black "Larmet, Nino"]
[Result "0-1"]
[WhiteElo "1170"]
[BlackElo "1418"]
[PlyCount "54"]
[EventDate "2016.??.??"]

1. e3 c6 2. d4 d6 3. c4 Nd7 4. Nf3 Qc7 5. Be2 e5 6. O-O Ngf6 7. Nc3 e4 8. Ne1
d5 9. Bd2 Bd6 10. Kh1 Bxh2 11. c5 b6 12. b4 Qb8 13. g3 Bxg3 14. Rg1 Bxf2 15.
Rxg7 Rg8 16. Kg2 Rxg7+ 17. Bg4 Rxg4+ 18. Qxg4 Nxg4 19. Nf3 exf3+ 20. Kxf3 Qg3+
21. Ke2 Nxe3 22. Kd3 Nxc5+ 23. bxc5 Bf5+ 24. Ne4 Bxe4+ 25. Kc3 Nc2+ 26. Kb2
Qa3+ 27. Kb1 Ne1# 0-1

[Event "18 Open international de La Reunion"]
[Site "Salle des fêtes de Bellepierre"]
[Date "2016.10.13"]
[Round "6.20"]
[White "Leccia, Antoine"]
[Black "Sandjivy, Vivien"]
[Result "1-0"]
[WhiteElo "1342"]
[BlackElo "1214"]
[PlyCount "81"]
[EventDate "2016.??.??"]

1. d4 d5 2. Nf3 Nf6 3. c4 c6 4. e3 Bf5 5. Nc3 e6 6. a3 Nbd7 7. Be2 Qa5 8. Bd2
Qc7 9. Qb3 Be7 10. Rc1 O-O 11. cxd5 exd5 12. Nxd5 Nxd5 13. Qxd5 Be6 14. Qb5 Qd8
15. Qa4 Nb6 16. Qc2 Qd7 17. O-O Bd6 18. Bd3 g6 19. Bc3 Bg4 20. Nd2 Nd5 21. Ne4
Rfe8 22. Nxd6 Qxd6 23. h3 Be6 24. Rcd1 Qd7 25. Qe2 Re7 26. e4 Nf4 27. Qf3 Nxd3
28. Qxd3 Bb3 29. Rde1 Rae8 30. Bb4 Re6 31. Qxb3 Rxe4 32. Rxe4 Rxe4 33. Bc3 Qe7
34. Qc4 Qd7 35. Re1 Rxe1+ 36. Bxe1 b5 37. Bd2 Qe6 38. Bh6 Qe8 39. Qc5 f6 40.
Qd6 Qf7 41. Qd8+ 1-0

[Event "18 Open international de La Reunion"]
[Site "Salle des fêtes de Bellepierre"]
[Date "2016.10.13"]
[Round "6.21"]
[White "Hubert, Nathan"]
[Black "Deschamps, Nathalie"]
[Result "0-1"]
[WhiteElo "1080"]
[BlackElo "1314"]
[PlyCount "48"]
[EventDate "2016.??.??"]

1. d4 b6 2. Nf3 Nf6 3. e3 e6 4. g3 Bb7 5. Bg2 Be7 6. Bd2 Ne4 7. O-O O-O 8. c4
d6 9. Na3 Nd7 10. Nc2 c5 11. Be1 f5 12. d5 exd5 13. cxd5 Ba6 14. Nd2 Bxf1 15.
Nxf1 Bf6 16. Rb1 b5 17. b3 b4 18. f3 Nc3 19. Bxc3 Bxc3 20. a4 a5 21. f4 Nf6 22.
h3 Ne4 23. Qe2 Bf6 24. g4 Nc3 0-1

[Event "18 Open international de La Reunion"]
[Site "Salle des fêtes de Bellepierre"]
[Date "2016.10.13"]
[Round "6.22"]
[White "Payet, Quentin"]
[Black "Leonardy, Batiste"]
[Result "0-1"]
[WhiteElo "1040"]
[BlackElo "1195"]
[PlyCount "46"]
[EventDate "2016.??.??"]

1. e4 e5 2. Nf3 Nc6 3. Bc4 Nf6 4. Ng5 d5 5. exd5 Na5 6. Be2 Nxd5 7. d4 Bf5 8.
dxe5 Nb4 9. Qxd8+ Rxd8 10. Bd1 Bxc2 11. Nc3 Bxd1 12. O-O Bc2 13. a3 Nd3 14. b4
Nb3 15. Be3 Nxa1 16. Rxa1 Nxe5 17. Bxa7 b6 18. Nb5 Bd6 19. Nxd6+ Rxd6 20. Re1
O-O 21. h3 f6 22. Re2 Bd3 23. Re1 Ra8 0-1

[Event "18 Open international de La Reunion"]
[Site "Salle des fêtes de Bellepierre"]
[Date "2016.10.13"]
[Round "6.23"]
[White "Payet, Bruno"]
[Black "Rebut, Paul"]
[Result "1-0"]
[WhiteElo "1111"]
[BlackElo "1050"]
[PlyCount "45"]
[EventDate "2016.??.??"]

1. Nc3 e5 2. Nf3 Nc6 3. e4 Nf6 4. Bc4 Bc5 5. d3 d6 6. Bg5 h6 7. Bh4 Bg4 8. h3
Bh5 9. g4 Bg6 10. Qe2 O-O 11. O-O-O h5 12. Ng5 Nd4 13. Qf1 hxg4 14. Ne2 Nxe2+
15. Qxe2 Qd7 16. Kb1 Bh5 17. Qd2 gxh3 18. Rdg1 d5 19. exd5 Nxd5 20. Nxh3 f6 21.
Qh6 Qf7 22. Bxd5 Bf3 23. Qxg7# 1-0

[Event "18 Open international de La Reunion"]
[Site "Salle des fêtes de Bellepierre"]
[Date "2016.10.13"]
[Round "6.24"]
[White "Riviere, Pierre"]
[Black "Leccia, Thomas"]
[Result "0-1"]
[WhiteElo "1000"]
[BlackElo "1211"]
[PlyCount "82"]
[EventDate "2016.??.??"]

1. e4 e6 2. Nf3 d5 3. Nc3 Nf6 4. d4 Nxe4 5. Be3 Bb4 6. Bd3 Nxc3 7. bxc3 Bxc3+
8. Bd2 Bxa1 9. Qxa1 Nc6 10. c3 O-O 11. c4 Bd7 12. cxd5 exd5 13. Ng5 Re8+ 14.
Be3 Qxg5 15. g3 Bh3 16. Kd1 Qh5+ 17. Kc1 Qg4 18. Bb5 Qe4 19. Kd2 Re6 20. Ba4
Qg2 21. Rc1 Qxh2 22. Bxc6 Rxc6 23. Kd3 Bf5+ 24. Kd2 Rxc1 25. Qxc1 c6 26. Qb1
Bxb1 27. Kc1 Bxa2 28. Kb2 Re8 29. Kxa2 Rxe3 30. Ka1 Qxf2 31. g4 h6 32. g5 hxg5
33. Kb1 g4 34. Kc1 g3 35. Kb1 g2 36. Kc1 Qd2+ 37. Kxd2 Re4 38. Kd3 g1=Q 39. Kc3
Re1 40. Kb4 g5 41. Kc5 g4 0-1

[Event "18 Open international de La Reunion"]
[Site "Salle des fêtes de Bellepierre"]
[Date "2016.10.13"]
[Round "6.25"]
[White "Padre, Bryan"]
[Black "Laoussing, Stephane"]
[Result "1-0"]
[WhiteElo "1110"]
[BlackElo "1000"]
[PlyCount "56"]
[EventDate "2016.??.??"]

1. e4 e5 2. Nf3 Nc6 3. Nc3 Bc5 4. Bc4 d6 5. O-O Bg4 6. d3 Nf6 7. h3 Bh5 8. Re1
Qd7 9. Bg5 Nd4 10. Be3 Nxf3+ 11. Kh1 Nxe1 12. Qxe1 O-O-O 13. Bb5 Qe6 14. Bxc5
dxc5 15. b3 g5 16. Qe3 g4 17. Ne2 gxh3 18. gxh3 Rhg8 19. Ng1 Rg6 20. d4 cxd4
21. Qe1 Bf3+ 22. Kh2 Bxe4 23. Qf1 Rdg8 24. Be2 Rh6 25. f3 Bc6 26. Re1 Nh5 27.
h4 Rg2+ 28. Kxg2 Ng3 1-0

[Event "18 Open international de La Reunion"]
[Site "Salle des fêtes de Bellepierre"]
[Date "2016.10.13"]
[Round "6.26"]
[White "Sandjivy, Yann"]
[Black "Mohamed, Keziah"]
[Result "0-1"]
[WhiteElo "1000"]
[BlackElo "1010"]
[PlyCount "24"]
[EventDate "2016.??.??"]

1. e4 e5 2. Nf3 Nc6 3. Be2 Nf6 4. O-O Nxe4 5. Nc3 Nf6 6. Nxe5 Nxe5 7. Bf3 d5 8.
Bxd5 Nxd5 9. Nxd5 Qxd5 10. Re1 Bd6 11. Rxe5+ Qxe5 12. Qe1 Qxe1# 0-1

[Event "18 Open international de La Reunion"]
[Site "Salle des fêtes de Bellepierre"]
[Date "2016.10.13"]
[Round "6.27"]
[White "Alex-Geerjanan, Nils"]
[Black "Turpin, Noah"]
[Result "1-0"]
[WhiteElo "1070"]
[BlackElo "1000"]
[PlyCount "83"]
[EventDate "2016.??.??"]

1. e4 e5 2. Nf3 Nc6 3. Bc4 Bc5 4. c3 Nf6 5. d4 Bb6 6. Nbd2 exd4 7. cxd4 Nxd4 8.
Nxd4 Bxd4 9. Nf3 Bc5 10. h3 Nxe4 11. Qe2 Qe7 12. Bd3 d5 13. Ng5 Nxg5 14. Qxe7+
Bxe7 15. Bxg5 Bxg5 16. f3 Bf6 17. O-O g6 18. Be2 Bxb2 19. Rab1 Bd4+ 20. Kh1 b6
21. Bb5+ Kf8 22. Bc6 Rb8 23. Rbd1 Bf6 24. Bxd5 Ba6 25. Rfe1 Rd8 26. Bb3 Rxd1
27. Rxd1 Kg7 28. Rd7 Rc8 29. Rxf7+ Kg8 30. Rxc7+ Kf8 31. Rxc8+ Ke7 32. Rc7+ Kd6
33. Rxa7 Bd4 34. Ra8 b5 35. Rd8+ Kc5 36. Rd5+ Kb4 37. Rxd4+ Kc3 38. Rd5 b4 39.
g4 Kb2 40. f4 Kc3 41. h4 h6 42. f5 1-0

[Event "18 Open international de La Reunion"]
[Site "Salle des fêtes de Bellepierre"]
[Date "2016.10.14"]
[Round "7.1"]
[White "Lorans, Sylvain"]
[Black "Mezouaghi, Miloud"]
[Result "1/2-1/2"]
[WhiteElo "2157"]
[BlackElo "2057"]
[PlyCount "43"]
[EventDate "2016.??.??"]

1. d4 g6 2. Nf3 Bg7 3. Bf4 Nf6 4. e3 d6 5. h3 O-O 6. Be2 Nbd7 7. O-O a6 8. c4
Qe8 9. Bh2 e5 10. Nc3 c6 11. b4 Qe7 12. Qb3 Ne8 13. Rad1 e4 14. Nd2 f5 15. Rfe1
Ndf6 16. f3 exf3 17. Bxf3 g5 18. e4 f4 19. c5+ Kh8 20. e5 dxe5 21. dxe5 Nd7 22.
e6 1/2-1/2

[Event "18 Open international de La Reunion"]
[Site "Salle des fêtes de Bellepierre"]
[Date "2016.10.14"]
[Round "7.2"]
[White "Rodier, David"]
[Black "Desire, Michael"]
[Result "1/2-1/2"]
[WhiteElo "2147"]
[BlackElo "1808"]
[PlyCount "92"]
[EventDate "2016.??.??"]

1. d4 d5 2. c4 e6 3. Nc3 Nf6 4. cxd5 exd5 5. Bg5 Be7 6. e3 c6 7. Bd3 Nbd7 8.
Qc2 h6 9. Bh4 g5 10. Bg3 Nh5 11. Nge2 Nxg3 12. Nxg3 Nf8 13. O-O Be6 14. f4 gxf4
15. exf4 Qb6 16. Nge2 Bf6 17. Kh1 Bg4 18. Rae1 O-O-O 19. Bf5+ Bxf5 20. Qxf5+
Nd7 21. Na4 Qb4 22. Qc2 Rhe8 23. a3 Qd6 24. Qd2 Re4 25. Nac3 Re7 26. Ng3 Rxe1
27. Rxe1 Bh8 28. b4 Nb6 29. Nf5 Qf6 30. Qc2 Kb8 31. a4 Qg6 32. b5 cxb5 33. Nxb5
Nc4 34. Qb1 Qb6 35. Qd3 a6 36. Nc3 Na5 37. h3 h5 38. Qf3 Qg6 39. Ne7 Qd6 40.
Ncxd5 Bxd4 41. Qxh5 Nc6 42. Qxf7 Nxe7 43. Nxe7 Bf2 44. Nf5 Qxf4 45. Rb1 Qe4 46.
Rc1 Qf4 1/2-1/2

[Event "18 Open international de La Reunion"]
[Site "Salle des fêtes de Bellepierre"]
[Date "2016.10.14"]
[Round "7.3"]
[White "Andriandaza, Tombo Omar"]
[Black "Goorsahye, Antoine"]
[Result "0-1"]
[WhiteElo "1699"]
[BlackElo "1672"]
[PlyCount "54"]
[EventDate "2016.??.??"]

1. Nf3 d5 2. d4 Nf6 3. Nbd2 Bf5 4. c4 c6 5. cxd5 cxd5 6. e3 Nc6 7. Qa4 Bd7 8.
Bd3 e6 9. O-O Bd6 10. a3 O-O 11. Qd1 Rc8 12. b4 e5 13. Bb5 e4 14. Bxc6 exf3 15.
Bxd7 fxg2 16. Re1 Qxd7 17. f4 Rfe8 18. Nf3 Ne4 19. Qe2 Re6 20. Bb2 Rg6 21. Nd2
Nxd2 22. Qxd2 Qh3 23. Qf2 Re8 24. e4 dxe4 25. Re3 Qf5 26. Rae1 Kf8 27. Qc2 Qxf4
0-1

[Event "18 Open international de La Reunion"]
[Site "Salle des fêtes de Bellepierre"]
[Date "2016.10.08"]
[Round "7.4"]
[White "Testud, Philippe"]
[Black "Jotee, Ashvin"]
[Result "1-0"]
[WhiteElo "2202"]
[BlackElo "1752"]
[PlyCount "81"]
[EventDate "2016.??.??"]

1. c4 e6 2. g3 f5 3. Bg2 Nf6 4. Nf3 d5 5. O-O Bd6 6. b3 O-O 7. Bb2 Qe7 8. d4 c6
9. Nbd2 Nbd7 10. Qc2 Ne4 11. Ne5 Nxe5 12. dxe5 Ba3 13. Rac1 Bxb2 14. Qxb2 a5
15. Nxe4 fxe4 16. c5 Bd7 17. Qd4 Be8 18. f3 exf3 19. exf3 Bg6 20. Qe3 Qf7 21.
Rfd1 Qf5 22. Rd4 Qf7 23. Rf4 Qe7 24. Rxf8+ Rxf8 25. Rd1 Qf7 26. Qc3 Ra8 27. Rd4
Qf5 28. Ra4 Qb1+ 29. Bf1 Qd1 30. Kf2 Qc2+ 31. Qxc2 Bxc2 32. Ke3 Kf7 33. Kd2 Bb1
34. a3 Ke7 35. b4 Rf8 36. Be2 axb4 37. Rxb4 Bg6 38. Rxb7+ Ke8 39. Rxg7 Rf7 40.
Rxf7 Kxf7 41. Bd3 1-0

[Event "18 Open international de La Reunion"]
[Site "Salle des fêtes de Bellepierre"]
[Date "2016.10.14"]
[Round "7.5"]
[White "Payet, Jean-Claude"]
[Black "Rajaobelina, Hery"]
[Result "1/2-1/2"]
[WhiteElo "1865"]
[BlackElo "1683"]
[PlyCount "107"]
[EventDate "2016.??.??"]

1. e4 c5 2. Nf3 d6 3. d4 cxd4 4. Nxd4 Nf6 5. Nc3 a6 6. Bc4 e6 7. Bb3 Nbd7 8.
Bg5 Nc5 9. Bc4 Be7 10. Qf3 Qc7 11. b4 Ncxe4 12. Nxe4 Nxe4 13. Bxe7 Qxc4 14.
Qxe4 e5 15. Bxd6 Qxd4 16. Qxe5+ Qxe5+ 17. Bxe5 b5 18. Bd6 f6 19. O-O Kf7 20. a4
Be6 21. Bc5 Rad8 22. axb5 axb5 23. c3 Rd2 24. Bd4 Bc4 25. Rfe1 Re2 26. Rxe2
Bxe2 27. h4 h5 28. Kh2 Re8 29. Ra7+ Re7 30. Ra8 Re4 31. Ra7+ Re7 32. Ra3 Bc4
33. Be3 Re4 34. g3 Re7 35. Kg2 Bd5+ 36. Kf1 Bc4+ 37. Ke1 g5 38. hxg5 fxg5 39.
Kd2 Rd7+ 40. Kc2 h4 41. gxh4 gxh4 42. Ra6 Be6 43. Ra7 Rxa7 44. Bxa7 Kf6 45. Kd2
Kf5 46. Ke2 Kg4 47. Kf1 Kf3 48. Kg1 h3 49. Kh2 Ke4 50. Kg3 Kd3 51. Bd4 Bf5 52.
Be5 Ke2 53. Bd6 Kf1 54. Kh2 1/2-1/2

[Event "18 Open international de La Reunion"]
[Site "Salle des fêtes de Bellepierre"]
[Date "2016.10.14"]
[Round "7.6"]
[White "Herrero, Alain"]
[Black "Calmels, Nicolas"]
[Result "1/2-1/2"]
[WhiteElo "1658"]
[BlackElo "1863"]
[PlyCount "75"]
[EventDate "2016.??.??"]

1. d4 d5 2. c4 e6 3. Nc3 Nf6 4. cxd5 exd5 5. Bg5 c6 6. e3 h6 7. Bh4 Bf5 8. Bxf6
Qxf6 9. Qf3 Qg6 10. Be2 Nd7 11. g4 Be4 12. Nxe4 dxe4 13. Qf5 Bb4+ 14. Kf1 Qxf5
15. gxf5 O-O-O 16. a3 Bd2 17. Bc4 Rhf8 18. Rd1 Ba5 19. Ne2 Bc7 20. Ng3 Nf6 21.
Ke2 g6 22. b4 h5 23. h4 a5 24. b5 cxb5 25. Bxb5 Bxg3 26. fxg3 Rd5 27. Rc1+ Kb8
28. Rb1 Rxf5 29. Bc6 b5 30. Rxb5+ Rxb5 31. Bxb5 Rc8 32. Kd2 Nd5 33. Rc1 Rxc1
34. Kxc1 Nxe3 35. Be8 Kc7 36. Bxf7 Nf5 37. Bxg6 Nxg3 38. Kd2 1/2-1/2

[Event "18 Open international de La Reunion"]
[Site "Salle des fêtes de Bellepierre"]
[Date "2016.10.14"]
[Round "7.7"]
[White "Coent, Yann"]
[Black "Padre, Maxime"]
[Result "1-0"]
[WhiteElo "1812"]
[BlackElo "1261"]
[PlyCount "79"]
[EventDate "2016.??.??"]

1. e4 c6 2. d4 d5 3. e5 Bf5 4. f4 e6 5. Nf3 Ne7 6. Bd3 Bxd3 7. Qxd3 Nc8 8. O-O
Be7 9. f5 Nb6 10. fxe6 fxe6 11. Nbd2 O-O 12. a4 Na6 13. c3 Nc7 14. a5 Nd7 15.
b4 a6 16. Nb3 Rc8 17. Ra2 Nb5 18. Raf2 Qc7 19. Bg5 Qd8 20. Bd2 Na3 21. Bc1 Nc4
22. Nbd2 Nxd2 23. Bxd2 h6 24. Qg6 Bf6 25. exf6 Qxf6 26. Qxf6 Rxf6 27. Ne5 Rxf2
28. Rxf2 Nxe5 29. dxe5 Rd8 30. Be3 Rd7 31. Bc5 Rd8 32. Kf1 Re8 33. Ke2 Rd8 34.
Kd3 Rd7 35. Rf8+ Kh7 36. Re8 Kg6 37. Rxe6+ Kf7 38. Rd6 Rxd6 39. Bxd6 g6 40. Kd4
1-0

[Event "18 Open international de La Reunion"]
[Site "Salle des fêtes de Bellepierre"]
[Date "2016.10.14"]
[Round "7.8"]
[White "Triton, Maxime"]
[Black "Play, Gilles"]
[Result "1-0"]
[WhiteElo "1771"]
[BlackElo "1514"]
[PlyCount "89"]
[EventDate "2016.??.??"]

1. e4 e5 2. Nf3 Nc6 3. Bb5 a6 4. Bxc6 dxc6 5. O-O Bd6 6. d4 Bg4 7. dxe5 Bxf3 8.
Qxf3 Bxe5 9. Nd2 Qf6 10. Qb3 Ne7 11. Nf3 h6 12. Nxe5 Qxe5 13. Bd2 O-O 14. Bc3
Qc5 15. Qxb7 Qb6 16. Qxb6 cxb6 17. Rad1 Rfd8 18. Be5 Kf8 19. Bc7 Rxd1 20. Rxd1
b5 21. Bd6 Ke8 22. Bxe7 Kxe7 23. Kf1 c5 24. Ke2 Rc8 25. Ke3 g5 26. e5 Rc6 27.
Ke4 Ke6 28. Rd8 f5+ 29. exf6 Kxf6 30. Rf8+ Ke7 31. Rf5 c4 32. f3 Rd6 33. Rd5
Kd7 34. Rxd6+ Kxd6 35. g3 a5 36. f4 a4 37. c3 gxf4 38. gxf4 Ke6 39. a3 h5 40.
f5+ Kf6 41. Kf4 h4 42. h3 Kf7 43. Kg5 Kg7 44. Kxh4 Kf6 45. Kg4 1-0

[Event "18 Open international de La Reunion"]
[Site "Salle des fêtes de Bellepierre"]
[Date "2016.10.14"]
[Round "7.9"]
[White "Vitry, Patrick"]
[Black "Jubin, Thierry"]
[Result "1/2-1/2"]
[WhiteElo "1613"]
[BlackElo "1690"]
[PlyCount "79"]
[EventDate "2016.??.??"]

1. f4 Nf6 2. Nf3 e6 3. e3 d5 4. Be2 Be7 5. b3 c5 6. Bb2 Nc6 7. O-O O-O 8. d3
Ng4 9. Qd2 Bf6 10. c3 e5 11. h3 Nh6 12. g4 exf4 13. exf4 Be7 14. d4 cxd4 15.
Nxd4 Nxd4 16. Qxd4 b6 17. Ba3 Re8 18. Bxe7 Rxe7 19. Bf3 Bb7 20. Nd2 Rd7 21.
Rad1 Qc7 22. Nc4 f6 23. Ne3 Rad8 24. Bxd5+ Bxd5 25. Nxd5 Rxd5 26. Qxd5+ Rxd5
27. Rxd5 Qxc3 28. Kg2 Qc2+ 29. Kg3 Qxa2 30. Rd8+ Kf7 31. Rfd1 Ng8 32. R8d7+ Ne7
33. R1d3 Ke8 34. Rd8+ Kf7 35. Re3 Qa3 36. Rd7 Qc5 37. Red3 Qg1+ 38. Kf3 Qf1+
39. Kg3 Qg1+ 40. Kf3 1/2-1/2

[Event "18 Open international de La Reunion"]
[Site "Salle des fêtes de Bellepierre"]
[Date "2016.10.14"]
[Round "7.10"]
[White "Frelicot, Eric"]
[Black "Cochard, Franck-Olivier"]
[Result "1-0"]
[WhiteElo "1749"]
[BlackElo "1588"]
[PlyCount "55"]
[EventDate "2016.??.??"]

1. c4 c5 2. Nc3 Nf6 3. Nf3 g6 4. g3 Nc6 5. Bg2 Bg7 6. O-O O-O 7. a3 d6 8. Rb1
Bf5 9. d3 Nd7 10. e4 Bg4 11. h3 Bxf3 12. Bxf3 Nd4 13. Bg2 Re8 14. Be3 Nb8 15.
Ne2 Nbc6 16. b4 Nxe2+ 17. Qxe2 cxb4 18. axb4 Qc7 19. Qd2 Ne5 20. f4 Nd7 21.
Rfc1 Rec8 22. d4 e6 23. c5 dxc5 24. bxc5 Rcb8 25. Qa2 Nf8 26. Rb3 a6 27. Rcb1
Ra7 28. Qb2 1-0

[Event "18 Open international de La Reunion"]
[Site "Salle des fêtes de Bellepierre"]
[Date "2016.10.14"]
[Round "7.11"]
[White "Le Maguet, Loan"]
[Black "Duprey, Francois-Xavier"]
[Result "0-1"]
[WhiteElo "1362"]
[BlackElo "1637"]
[PlyCount "93"]
[EventDate "2016.??.??"]

1. e4 d5 2. exd5 Qxd5 3. Nc3 Qa5 4. Bc4 Nf6 5. d3 Bf5 6. Bd2 Qb6 7. Bb3 c6 8.
Nge2 Nbd7 9. O-O e6 10. Ng3 Bg6 11. Be3 Qc7 12. Re1 Be7 13. Nce2 O-O 14. d4 Nd5
15. Bd2 c5 16. c3 c4 17. Bc2 Bxc2 18. Qxc2 b5 19. Kh1 N7f6 20. Ng1 Ng4 21. Rf1
Nf4 22. Qe4 Bd6 23. Bxf4 Bxf4 24. N1e2 Bxg3 25. Nxg3 Nf6 26. Qf3 Nd5 27. Rac1
a5 28. Ne2 Rfb8 29. a3 b4 30. cxb4 axb4 31. axb4 Rxb4 32. Nc3 Qd6 33. Nxd5 exd5
34. Rb1 Rab8 35. Rfe1 h6 36. Qc3 Qf4 37. Qc2 Qxd4 38. Red1 Qe5 39. Rd2 Rxb2 40.
Qxb2 Rxb2 41. Rdxb2 c3 42. Rc2 Qe4 43. Rbc1 d4 44. Kg1 Kf8 45. g3 Ke7 46. Rxc3
dxc3 47. Rxc3 0-1

[Event "18 Open international de La Reunion"]
[Site "Salle des fêtes de Bellepierre"]
[Date "2016.10.14"]
[Round "7.12"]
[White "Bah, Ismael"]
[Black "Leccia, Antoine"]
[Result "1/2-1/2"]
[WhiteElo "1786"]
[BlackElo "1342"]
[PlyCount "67"]
[EventDate "2016.??.??"]

1. Nf3 Nc6 2. d4 d5 3. e3 e6 4. Be2 Nf6 5. O-O Be7 6. c4 O-O 7. a3 b6 8. Nc3
Bb7 9. Qc2 Nb8 10. cxd5 Nxd5 11. Rd1 c6 12. e4 Nf6 13. e5 Nd5 14. Bd3 h6 15.
Qe2 Nd7 16. Qe4 f5 17. exf6 Rxf6 18. Qh7+ Kf7 19. Nxd5 exd5 20. Ne5+ Nxe5 21.
dxe5 Re6 22. f4 Bc5+ 23. Kh1 Qg8 24. Qxg8+ Kxg8 25. Re1 Rae8 26. Bf5 Rf6 27.
Bg4 g6 28. Bd2 Rff8 29. h4 h5 30. Bd7 Re7 31. e6 Bf2 32. Rf1 Bxh4 33. Kh2 c5
34. b4 1/2-1/2

[Event "18 Open international de La Reunion"]
[Site "Salle des fêtes de Bellepierre"]
[Date "2016.10.14"]
[Round "7.13"]
[White "Larmet, Nino"]
[Black "Mablouke, Ulrich"]
[Result "1-0"]
[WhiteElo "1418"]
[BlackElo "1565"]
[PlyCount "71"]
[EventDate "2016.??.??"]

1. a3 e5 2. b4 d6 3. Bb2 Bg4 4. h3 Bh5 5. d3 Nf6 6. Nf3 Nbd7 7. e4 Be7 8. Be2
Bxf3 9. Bxf3 c6 10. Nd2 Nf8 11. Nc4 Qd7 12. d4 exd4 13. Bxd4 Ne6 14. Bxf6 gxf6
15. Bg4 O-O-O 16. O-O Qc7 17. Ne3 Kb8 18. c4 h5 19. Bxh5 Ng5 20. Qg4 Rdg8 21.
Nf5 Qd7 22. Ng3 Ne6 23. Qf5 Rg5 24. Qf3 Nd4 25. Qd1 Ne6 26. Bg4 Qc7 27. Bxe6
fxe6 28. Qf3 d5 29. exd5 exd5 30. cxd5 Bd6 31. Ne4 Rg6 32. Nxd6 Qxd6 33. dxc6
b6 34. Rfd1 Qe6 35. Rd3 Rxg2+ 36. Kxg2 1-0

[Event "18 Open international de La Reunion"]
[Site "Salle des fêtes de Bellepierre"]
[Date "2016.10.14"]
[Round "7.14"]
[White "Mercadal, Theo"]
[Black "Pun Chung, Leo"]
[Result "1/2-1/2"]
[WhiteElo "1513"]
[BlackElo "1374"]
[PlyCount "64"]
[EventDate "2016.??.??"]

1. c4 c5 2. Nc3 g6 3. g3 Bg7 4. Bg2 Nc6 5. e3 d6 6. Nge2 Nf6 7. d4 cxd4 8. exd4
O-O 9. O-O Bd7 10. b3 Qa5 11. Bb2 Rac8 12. Rc1 Bh6 13. Ra1 Bg7 14. a3 e5 15. d5
Ne7 16. a4 a6 17. Re1 Rcd8 18. Nc1 Bg4 19. f3 Bf5 20. Kh1 Bh6 21. f4 Ng4 22.
Qf3 Qc5 23. Re2 Bg7 24. Rd2 e4 25. Nxe4 Bxe4 26. Qxg4 Bxg2+ 27. Rxg2 Bxb2 28.
Rxb2 Qd4 29. Rab1 Nf5 30. Qf3 Rfe8 31. Re2 Qd1+ 32. Kg2 Qd4 1/2-1/2